[Event "Gradiste op 3rd"]
[Site "Gradiste"]
[Date "2023.08.11"]
[Round "8"]
[White "Veocic, Noa"]
[Black "Vidic, Petra"]
[Result "1-0"]
[WhiteElo "1447"]
[BlackElo "1088"]
[PlyCount "35"]
[EventDate "2023.08.06"]
[EventType "swiss"]
[EventRounds "9"]
[EventCountry "CRO"]
[SourceTitle "EXT 2024"]
[Source "ChessBase"]
[SourceDate "2023.10.10"]
[SourceVersion "1"]
[SourceVersionDate "2023.10.10"]
[SourceQuality "1"]

1. e4 c6 2. d4 d5 3. e5 Bf5 4. h4 h5 5. Nf3 e6 6. Be2 Qc7 7. 0-0 c5 8. Nc3 Nd7 9. Re1 cxd4 10. Qxd4 Rc8 11. Bf4 Bxc2 12. Rac1 Bf5 13. Nxd5 Qxc1 14. Rxc1 Rxc1+ 15. Bxc1 exd5 16. Qxd5 b6 17. Bb5 Ne7 18. Qa8+ 1-0

[Event "CRO-ch U13 Girls"]
[Site "Trogir"]
[Date "2023.06.26"]
[Round "9"]
[White "Vidic, Petra"]
[Black "Benic, Katarina"]
[Result "0-1"]
[WhiteElo "1672"]
[BlackElo "1600"]
[PlyCount "32"]
[EventDate "2023.06.21"]
[EventType "swiss"]
[EventRounds "9"]
[EventCountry "CRO"]
[SourceTitle "EXT 2024"]
[Source "ChessBase"]
[SourceDate "2023.10.10"]
[SourceVersion "1"]
[SourceVersionDate "2023.10.10"]
[SourceQuality "1"]

1. e4 e5 2. Nf3 Nc6 3. d4 d6 4. Nc3 Bg4 5. Be3 Bxf3 6. gxf3 Be7 7. Bc4 Bf6 8. d5 Nd4 9. Bxd4 exd4 10. Ne2 d3 11. Qxd3 Ne7 12. h4 a6 13. f4 h5 14. c3 Ng6 15. f5 Ne5 16. Qd4 Nf3+ 0-1